<?xml version="1.0" encoding="UTF-8"?>
<record
    xmlns:xsi="http://www.w3.org/2001/XMLSchema-instance"
    xsi:schemaLocation="http://www.loc.gov/MARC21/slim http://www.loc.gov/standards/marcxml/schema/MARC21slim.xsd"
    xmlns="http://www.loc.gov/MARC21/slim">

  <leader>00450nam a22001337a 4500</leader>
  <datafield tag="999" ind1=" " ind2=" ">
    <subfield code="c">17724</subfield>
    <subfield code="d">17724</subfield>
  </datafield>
  <controlfield tag="008">190607b        xxu||||| |||| 00| 0 eng d</controlfield>
  <datafield tag="020" ind1=" " ind2=" ">
    <subfield code="a">9290592133</subfield>
  </datafield>
  <datafield tag="050" ind1=" " ind2=" ">
    <subfield code="a">S494.5 </subfield>
    <subfield code="b">.A45P77 2007 c.1</subfield>
  </datafield>
  <datafield tag="245" ind1=" " ind2=" ">
    <subfield code="a">Profitable Agroforestry Innovations for Eastern Africa</subfield>
    <subfield code="b">Experience from 10 Agroclimatic Zones of Ethiopia, India, Kenya, tanzania and Uganda</subfield>
  </datafield>
  <datafield tag="260" ind1=" " ind2=" ">
    <subfield code="a">Nairobi</subfield>
    <subfield code="b">RELMA</subfield>
    <subfield code="c">2007</subfield>
  </datafield>
  <datafield tag="300" ind1=" " ind2=" ">
    <subfield code="a">ix, 374p.</subfield>
  </datafield>
  <datafield tag="650" ind1=" " ind2=" ">
    <subfield code="a">Agroforestry</subfield>
  </datafield>
  <datafield tag="942" ind1=" " ind2=" ">
    <subfield code="2">lcc</subfield>
    <subfield code="c">BK</subfield>
  </datafield>
  <datafield tag="952" ind1=" " ind2=" ">
    <subfield code="0">0</subfield>
    <subfield code="1">0</subfield>
    <subfield code="2">lcc</subfield>
    <subfield code="7">0</subfield>
    <subfield code="a">KABU</subfield>
    <subfield code="b">KABU</subfield>
    <subfield code="d">2019-06-07</subfield>
    <subfield code="l">0</subfield>
    <subfield code="o">S494.5  .A45P77 2007 c.1</subfield>
    <subfield code="p">023109</subfield>
    <subfield code="r">2019-06-07 00:00:00</subfield>
    <subfield code="w">2019-06-07</subfield>
    <subfield code="y">BK</subfield>
  </datafield>
  <datafield tag="952" ind1=" " ind2=" ">
    <subfield code="0">0</subfield>
    <subfield code="1">0</subfield>
    <subfield code="2">lcc</subfield>
    <subfield code="7">0</subfield>
    <subfield code="a">KABU</subfield>
    <subfield code="b">KABU</subfield>
    <subfield code="d">2019-06-07</subfield>
    <subfield code="l">0</subfield>
    <subfield code="o">S494.5  .A45P77 2007 c.2</subfield>
    <subfield code="p">023110</subfield>
    <subfield code="r">2019-06-07 00:00:00</subfield>
    <subfield code="w">2019-06-07</subfield>
    <subfield code="y">BK</subfield>
  </datafield>
  <datafield tag="952" ind1=" " ind2=" ">
    <subfield code="0">0</subfield>
    <subfield code="1">0</subfield>
    <subfield code="2">lcc</subfield>
    <subfield code="7">0</subfield>
    <subfield code="a">KABU</subfield>
    <subfield code="b">KABU</subfield>
    <subfield code="d">2019-06-07</subfield>
    <subfield code="l">0</subfield>
    <subfield code="o">S494.5  .A45P77 2007 c.3</subfield>
    <subfield code="p">023111</subfield>
    <subfield code="r">2019-06-07 00:00:00</subfield>
    <subfield code="w">2019-06-07</subfield>
    <subfield code="y">BK</subfield>
  </datafield>
  <datafield tag="952" ind1=" " ind2=" ">
    <subfield code="0">0</subfield>
    <subfield code="1">0</subfield>
    <subfield code="2">lcc</subfield>
    <subfield code="7">0</subfield>
    <subfield code="a">KABU</subfield>
    <subfield code="b">KABU</subfield>
    <subfield code="d">2019-06-07</subfield>
    <subfield code="l">0</subfield>
    <subfield code="o">S494.5  .A45P77 2007 c.4</subfield>
    <subfield code="p">023112</subfield>
    <subfield code="r">2019-06-07 00:00:00</subfield>
    <subfield code="w">2019-06-07</subfield>
    <subfield code="y">BK</subfield>
  </datafield>
  <datafield tag="952" ind1=" " ind2=" ">
    <subfield code="0">0</subfield>
    <subfield code="1">0</subfield>
    <subfield code="2">lcc</subfield>
    <subfield code="7">0</subfield>
    <subfield code="a">KABU</subfield>
    <subfield code="b">KABU</subfield>
    <subfield code="d">2019-06-07</subfield>
    <subfield code="l">0</subfield>
    <subfield code="o">S494.5  .A45P77 2007 c.5</subfield>
    <subfield code="p">023113</subfield>
    <subfield code="r">2019-06-07 00:00:00</subfield>
    <subfield code="w">2019-06-07</subfield>
    <subfield code="y">BK</subfield>
  </datafield>
  <datafield tag="952" ind1=" " ind2=" ">
    <subfield code="0">0</subfield>
    <subfield code="1">0</subfield>
    <subfield code="2">lcc</subfield>
    <subfield code="7">0</subfield>
    <subfield code="a">KABU</subfield>
    <subfield code="b">KABU</subfield>
    <subfield code="d">2019-06-07</subfield>
    <subfield code="l">0</subfield>
    <subfield code="o">S494.5  .A45P77 2007 c.6</subfield>
    <subfield code="p">023072</subfield>
    <subfield code="r">2019-06-07 00:00:00</subfield>
    <subfield code="w">2019-06-07</subfield>
    <subfield code="y">BK</subfield>
  </datafield>
  <datafield tag="952" ind1=" " ind2=" ">
    <subfield code="0">0</subfield>
    <subfield code="1">0</subfield>
    <subfield code="2">lcc</subfield>
    <subfield code="7">0</subfield>
    <subfield code="a">KABU</subfield>
    <subfield code="b">KABU</subfield>
    <subfield code="d">2019-06-07</subfield>
    <subfield code="l">0</subfield>
    <subfield code="o">S494.5  .A45P77 2007 c.7</subfield>
    <subfield code="p">023071</subfield>
    <subfield code="r">2019-06-07 00:00:00</subfield>
    <subfield code="w">2019-06-07</subfield>
    <subfield code="y">BK</subfield>
  </datafield>
</record>
